नेहरु जी का भारत के राष्टीय एकीकरण और प्रजातंत्र के सुदृढीकारण में योगदान/ (Record no. 201766)
[ view plain ]
| 000 -LEADER | |
|---|---|
| fixed length control field | 00937nam a22002297a 4500 |
| 005 - DATE AND TIME OF LATEST TRANSACTION | |
| control field | 20240326142104.0 |
| 010 ## - LCCN (DPL NO) | |
| LC control number | HIN-127220 |
| 020 ## - INTERNATIONAL STANDARD BOOK NUMBER | |
| Terms of availability | 400.00 |
| 035 ## - SYSTEM CONTROL NUMBER | |
| System control number | HN-99566 |
| 037 ## - SOURCE OF ACQUISITION | |
| Source of stock number/acquisition | DBAD/PUB. |
| 082 ## - DEWEY DECIMAL CLASSIFICATION NUMBER | |
| Classification number | 320.954 |
| 100 ## - MAIN ENTRY--PERSONAL NAME | |
| Personal name | रामफल सिंह |
| 245 ## - TITLE STATEMENT | |
| Title | नेहरु जी का भारत के राष्टीय एकीकरण और प्रजातंत्र के सुदृढीकारण में योगदान/ |
| Statement of responsibility, etc | रामफल सिंह |
| 250 ## - EDITION STATEMENT | |
| Edition statement | 1 |
| 260 ## - PUBLICATION, DISTRIBUTION, ETC. (IMPRINT) | |
| Place of publication, distribution, etc | दिल्ली |
| Name of publisher, distributor, etc | सजग प्रकाशन |
| Date of publication, distribution, etc | 2021 |
| 270 ## - ADDRESS | |
| Address | बी-26 पटपटगंज इंडस्ट्रियल एरिया |
| City | दिल्ली |
| Postal code | 110092 |
| 300 ## - PHYSICAL DESCRIPTION | |
| Extent | 192 पृ; |
| Dimensions | 22 सेमी (अजिल्द) |
| 700 ## - ADDED ENTRY--PERSONAL NAME | |
| 9 (RLIN) | 63915 |
| 700 ## - ADDED ENTRY--PERSONAL NAME | |
| 9 (RLIN) | 63916 |
| 700 ## - ADDED ENTRY--PERSONAL NAME | |
| 9 (RLIN) | 63917 |
| 942 ## - ADDED ENTRY ELEMENTS (KOHA) | |
| Institution code [OBSOLETE] | dpl |
| Item type | Hindi Books |
| Source of classification or shelving scheme | Dewey Decimal Classification |
| Classification part | 320.954 |
| Call number suffix | रामफ |
| Withdrawn status | Lost status | Not for loan | Collection code | Home library | Current library | Date acquired | Source of acquisition | Cost, normal purchase price | Full call number | Barcode | Copy number | Cost, replacement price | Koha item type |
|---|---|---|---|---|---|---|---|---|---|---|---|---|---|
| Non-fiction | Bawana | Bawana | 26/03/2024 | DBAD/PUB | 400.00 | 320.954 रामफ | HN-99566 | 1 | 400.00 | Hindi Books |
